000 00190nam a2200085Ia 4500
008 120527s9999 xx 000 0 und d
100 _aBerne-Smith
245 _aMental Retardation
942 _cBK
999 _c27488
_d27488